Applied time series analysis for managerial forecasting

Uloženo v:
Podrobná bibliografie
Hlavní autor: Nelson, Charles R. (Autor)
Médium: Kniha
Jazyk:angličtina
Vydáno: San Francisco Holden-Day 1973
Témata:
Tagy: Přidat tag
Žádné tagy, Buďte první, kdo vytvoří štítek k tomuto záznamu!

MARC

LEADER 00000nam a2200000 a 4500
001 UCP1069
003 CL-VaPUC
008 990326e19730000US |||||||||||||||||eng|d
082 0 4 |a 519.55  |b NEL  |2 21 
100 |a Nelson, Charles R.  |e author  |9 426841 
245 1 0 |a Applied time series analysis for managerial forecasting 
300 |a 231 p 
942 |c BK 
945 |d 19990326 00:00:00  |a crobeson 
260 |a San Francisco  |b Holden-Day  |c 1973 
650 7 |a SERIES DE TIEMPO  |2 CL-VaPUC  |9 424864 
650 0 |a Análisis por series temporales   |9 340487 
650 0 |a Administración de empresas   |9 260833 
583 |a last modification  |c 19990326 00:00:00  |k Rodrigo Vera 
999 |c 279786  |d 279784 
952 |0 0  |1 0  |4 0  |6 519_550000000000000_NEL_1973  |7 0  |8 A  |9 319569  |a BIBGIM  |b BIBGIM  |d 2019-11-20  |i 1333984  |o 519.55 NEL 1973  |p 1333984  |r 2025-01-15  |w 2019-11-20  |y BK  |k EST